Victroian Literature/ (Record no. 153063)

MARC details
000 -LEADER
fixed length control field 00706nam a22001937a 4500
020 ## - INTERNATIONAL STANDARD BOOK NUMBER
International Standard Book Number 9789386296979
Terms of availability 250.00
035 ## - SYSTEM CONTROL NUMBER
System control number B-687396-398
037 ## - SOURCE OF ACQUISITION
Source of stock number/acquisition Uppal Book Store
082 ## - DEWEY DECIMAL CLASSIFICATION NUMBER
Classification number 820.9008
100 ## - MAIN ENTRY--PERSONAL NAME
Personal name Borgohain, Pradipta
245 ## - TITLE STATEMENT
Title Victroian Literature/
Statement of responsibility, etc Pradipta Borgohain
260 ## - PUBLICATION, DISTRIBUTION, ETC. (IMPRINT)
Place of publication, distribution, etc Hyderabad
Name of publisher, distributor, etc Orient Blackswan Pvt. Ltd.
Date of publication, distribution, etc 2017
270 ## - ADDRESS
Address 3-6-752 Himayatnagar
City Hyderabad
Postal code 500013
300 ## - PHYSICAL DESCRIPTION
Extent 225p.
Other physical details 22cm
490 ## - SERIES STATEMENT
Series statement Literary Contexts
700 ## - ADDED ENTRY--PERSONAL NAME
Personal name Nayar, Pramod K.
942 ## - ADDED ENTRY ELEMENTS (KOHA)
Source of classification or shelving scheme Dewey Decimal Classification
Item type English Books
Classification part 820.9008
Call number prefix BOR
Holdings
Withdrawn status Lost status Not for loan Collection code Home library Current library Date acquired Source of acquisition Cost, normal purchase price Full call number Barcode Copy number Cost, replacement price Koha item type
      Non-fiction Ashok Vihar Ashok Vihar 25/06/2018 Uppal/14846/04.12.17/691/20.11.17/10.1.18 250.00 820.9008 B-687397 1 250.00 English Books
      Non-fiction Central Library Central Library 25/06/2018 Uppal/14846/04.12.17/691/20.11.17/10.1.18 250.00 820.9008 B-687396 1 250.00 English Books
      Non-fiction Patel Nagar Patel Nagar 25/06/2018 Uppal/14846/04.12.17/691/20.11.17/10.1.18 250.00 820.9008 B-687398 1 250.00 English Books

© Delhi Public Library
Hit Counter
free hit counter